|
|
|
|
| LEADER |
02174njm a2200553 a 4500 |
| 001 |
000265061 |
| 003 |
CZ BrMZK |
| 005 |
20210513083233.0 |
| 008 |
010907s1991 xr f cze d |
| 028 |
0 |
3 |
|a PB 0002-4 411
|b Pěnkava-Bartoš, Praha
|
| 040 |
|
|
|a BOA001
|b cze
|
| 080 |
|
|
|a 788.085(086.7)
|2 MRF
|
| 110 |
2 |
|
|a Krajanka Václava Hlaváčka (hudební skupina)
|7 ko2003164802
|4 prf
|
| 245 |
1 |
0 |
|a Cesta piva do džbánu
|h [zvukový záznam] /
|c Krajanka.
|
| 246 |
3 |
3 |
|a Pivečko, jak mám tě rád
|
| 246 |
3 |
3 |
|a Pivo sem, pivo tam
|
| 246 |
3 |
3 |
|a Pivovarský koně
|
| 246 |
3 |
3 |
|a Pivovárek
|
| 246 |
3 |
3 |
|a Pivíčko je dobrota
|
| 246 |
3 |
3 |
|a Sladovnická
|
| 246 |
3 |
3 |
|a Řípecká šenkýřka
|
| 246 |
3 |
3 |
|a A vy, pane šenkýři
|
| 246 |
3 |
3 |
|a Bodejž čert vzal muzikanty
|
| 246 |
3 |
3 |
|a Chmelíčku, chmelí
|
| 246 |
3 |
3 |
|a Jede formánek po světě
|
| 246 |
3 |
3 |
|a Jedou formani k nové hospodě
|
| 246 |
3 |
3 |
|a Kde je sládek
|
| 246 |
3 |
3 |
|a Když je pivo ve džbáně
|
| 260 |
|
|
|a Praha :
|b Pěnkava-Bartoš,
|c p1991
|
| 300 |
|
|
|a 1 MC :
|b stereo +
|e 1 složený list.
|
| 500 |
|
|
|a Durata neuv
|
| 500 |
|
|
|a Nahr. 1991
|
| 505 |
2 |
|
|a A vy, pane šenkýři, Bodejž čert vzal muzikanty, Chmelíčku, chmelí ... [et al.]
|
| 511 |
0 |
|
|a Aleš Briscein, zpěv; Anna Studničková, zpěv; Ivana Jarešová, zpěv ... [et al.]
|
| 653 |
0 |
|
|a dechový orchestr
|a písně s dechovým orchestrem
|
| 700 |
1 |
|
|a Bek, Josef,
|d 1918-1995
|7 jk01011408
|4 prf
|
| 700 |
1 |
|
|a Briscein, Aleš,
|d 1969-
|7 mzk2004261120
|4 prf
|
| 700 |
1 |
|
|a Hlaváček, Václav,
|d 1891-1946
|7 jk01041219
|4 cnd
|
| 700 |
1 |
|
|a Horák, Jaromír,
|d 1912-1982
|7 pna2005274486
|4 cmp
|
| 700 |
1 |
|
|a Jarešová, Ivana
|7 mzk2010583455
|4 prf
|
| 700 |
1 |
|
|a Nýdl, Jan František,
|d -1989
|7 ola2002158812
|4 cmp
|
| 700 |
1 |
|
|a Studničková, Anna
|4 prf
|
| 700 |
1 |
|
|a Zíma, Josef,
|d 1932-2025
|7 jn19990210845
|4 prf
|
| 700 |
1 |
|
|a Škvára, Jiří,
|d 1945-
|7 mzk2006363763
|4 prf
|
| 700 |
1 |
|
|a Špilar, Václav,
|d 1902-1968
|7 jz6702197
|4 lyr
|
| 910 |
|
|
|a BOA001
|b KZ-0000.214
|
| 964 |
|
|
|a Orchestr dechový
|x MC
|
| 990 |
|
|
|a AV
|
| 996 |
6 |
|
|b 261H000216
|c KZ-0000.214
|l MZK
|r Sklad / do 24 hodin
|n 1
|w 000265061
|u 000010
|a 1
|e BOA001
|j MZK50
|s P
|